• 首页
  • 本馆介绍
  • 公告通知
  • 最新文献
  • 馆藏检索
  • 电子资源
  • 读者导购
  • 参考咨询
  • 我的图书馆
  • 登录
  • 详细信息显示
  • 放入我的书架
  • 预约/预借图书
  • 作者相关作品
  • 分类相关作品
  • 丛书相关作品
  • 出版社相关作品

书目信息

  • 表格格式
  • 工作单格式
  • 卡片格式
题名:
无机过氧化合物化学
    
 
作者: 吕希伦 编著
分册:  
出版信息: 北京   科学出版社  1987
页数: 482页
开本: 19cm
丛书名:
单 册:
中图分类: O611.62
科图分类:
主题词: 无机化合物-过氧化物 , 过氧化物-无机化合物
电子资源:
ISBN:
000 00679nam0 2200253 45
001 0187009165
005 20060731151628.98
010    @dCNY3.60
091    @a13031.3651
100    @a19900808d1987 emky0chiy0121 ea
101 0  @achi
102    @aCN@b110000
105    @ay z 001yy
106    @ar
200 10 @a无机过氧化合物化学@Awu ji guo yang hua he wu hua xue@f吕希伦编著
210    @a北京@c科学出版社@d1987
215    @a482页@d19cm
606    @a无机化合物-过氧化物
606    @a过氧化物-无机化合物
690    @aO611.62@v3
701  0 @a吕希伦@Alv xi lun@4编著
801  0 @aCN@b深圳图书馆@c20060731
801  2 @aCN@bNLC@c20040913
905    @f1@b204552@dO611.62@e13
    
    无机过氧化合物化学/吕希伦编著.-北京:科学出版社,1987
    482页;19cm
    
    
    ISBN :CNY3.60
    
●
相关链接 在E读中查询图书 在五车中查询图书 在当当中查询图书 在豆瓣中查询图书


正题名:无机过氧化合物化学     索取号:O611.62/13         预约/预借

序号 登录号 条形码 馆藏地/架位号 状态 备注
1 0204552   001695525   第三借阅区/ [索取号:O611.62/13] 在馆    
2 0204553   000349661   第三借阅区/ [索取号:O611.62/13] 在馆    
唐山师范学院图书馆 欢迎您!
大连网信软件有限公司© 版权所有